000 00842cam a2200289 i 4500
001 768714001
003 CO-MdFUSB
005 20240601133857.0
007 ta
008 240601t1977 -us||||| |||| 00| 0 spa d
020 _a84-7293-039-4
040 _cCO-MdFUSB
041 0 _aspa
082 0 4 _224
_a234
_bS2555f
100 1 _aSauer, Erich
_eAutor
245 1 0 _aDe eternidad a eternidad :
_bUn bosquejo de los propósitos divinos
_c/ Erich Sauer ; Guillermo Serrano V., Traductor
264 1 _bPortavoz,
_aBarcelona, España :
_c[1977]
264 4 _c©1977
300 _a283 Pág.
336 _atexto
_btxt
_2rdacontent
337 _2rdamedia
_asin mediación
_bn
338 _2rdacarrier
_avolumen
_bnc
500 _aTítulo original : From eternity to eternity
653 _aSoteriología
942 _cBK
945 _aestudiante
999 _c42829
_d42829